| 000 | 00808nem a2200229 u 4500 | ||
|---|---|---|---|
| 005 | 20160516093129.0 | ||
| 008 | 160516b2004 xxu||||| |a|| 00| 0 spa d | ||
| 040 |
_aCO-BoIAVH _cCO-BoIAVH |
||
| 041 | _aspa | ||
| 044 | _ack | ||
| 090 |
_aMC- _b0221 |
||
| 245 | 1 |
_aTrichechus manatus ( Región Pacífico): _bTaller de manaties Cartagena de Indias, Colombia Mayo 26 a 28 de 2004 / _h[Material Cartografico]/ |
|
| 255 | _a1:1.300.000 | ||
| 260 |
_aBogotá : _bRamón Hernando Orozco , _c2004. |
||
| 300 |
_a1 mapa : _bcolor. ; _c27 x 41 cm. |
||
| 650 | 1 | 6 |
_aInfraestructura _zCartagena _zColombia _968211 |
| 650 | 1 | 6 |
_aHidrografía _zCartagena _zColombia _968212 |
| 650 | 1 | 6 |
_aMapa geográfico _968213 |
| 710 | 2 |
_aFundación Amacha. _968214 |
|
| 710 | 2 |
_aConservatorio Internacional. _968215 |
|
| 942 |
_2z _cMapa |
||
| 999 |
_c18564 _d18564 |
||